[Event "Linares 12th"]
[Site "Linares"]
[Date "1994.??.??"]
[Round "8"]
[White "Gelfand, Boris"]
[Black "Karpov, Anatoly"]
[Result "0-1"]
[WhiteElo "2685"]
[BlackElo "2740"]
[Annotator "Kharitonov,A"]
[PlyCount "104"]
[EventDate "1994.02.??"]
[EventType "tourn"]
[EventRounds "13"]
[EventCountry "ESP"]
[EventCategory "18"]
[SourceTitle "CBM 040"]
[Source "ChessBase"]
[SourceDate "1994.06.01"]
[SourceVersion "1"]
[SourceVersionDate "1994.06.01"]
[SourceQuality "1"]

1. e4 {Dautov} c6 2. d4 d5 3. exd5 cxd5 4. c4 Nf6 5. Nc3 e6 6. Nf3 Bb4 7. Bd3
dxc4 8. Bxc4 O-O 9. O-O b6 10. Bg5 Bb7 11. Re1 (11. Ne5 Nc6) 11... Bxc3 12.
bxc3 Nbd7 13. Bd3 Qc7 14. Rc1 (14. c4 Rfe8 {/\15...Bf3 16.Qf3 e5} 15. Bh4 (15.
Ne5 Nxe5 16. Rxe5 Nd7 {/\Nf8}) 15... Nh5 {/\Qf4}) 14... Qd6 $146 (14... Rfe8
15. Bh4 Qc6 $146 (15... Rac8 16. Bg3 Qc6 17. c4 Rcd8 18. Bf1 Qc8 19. Bh4 $14 {
Speelman,J-Kumaran,D/Dublin(zt)/1993/1:0 (64)}) (15... Qd6 {Dautov} 16. Bg3 Qa3
17. Qb3 Qe7 18. Bb5 Rec8 19. c4 Ne4 20. Bf4 Ndf6 21. Ba4 $14 {
Vyzmanavin-Djuric/Tilburg (1)/1993}) 16. Bf1 Rac8 17. c4 h6 18. Qb3 $14 {
Christiansen,L-Winants,L/Antwerpen/1993/1:0 (50)}) 15. Bh4 (15. Ne5 Nxe5 16.
dxe5 Qd5 17. f3 Nd7) 15... Rfc8 16. Bg3 Qa3 $6 (16... Qf8 $5 $14) 17. c4 (17.
Qb3 {Dautov} Qe7 18. c4 (18. Ne5 Nxe5 19. Bxe5 Rd8 $10) 18... Bxf3 19. gxf3 Nh5
20. Be4 Nxg3 21. hxg3 Rab8 $10 {/\Nf6}) 17... Nf8 (17... Qxa2 $2 18. Ra1 (18.
Bd6 $5 Qa5 19. Ne5 $36 {ףa5}) 18... Qb2 19. Bd6 Bxf3 20. gxf3 Kh8 (20... Rc6 {
Dautov} 21. Be7 $1 (21. Re2 Qxa1 22. Qxa1 Rxd6 $14) 21... Re8 (21... a5 $2 22.
Re2 Qc3 23. Ra3 $18) (21... Kh8 22. Bf1 {/\Re2}) 22. Re2 Qxa1 23. Qxa1 Rxe7 24.
Qxa7 $16) 21. Bf1 $1 {/\22.Re2 Qc3 23.Rc2+-/}) 18. Ne5 $1 (18. Qb3 Qxb3 19.
axb3 Bxf3 20. gxf3 Rd8 21. Rcd1 Ng6 $14) 18... Ng6 (18... Qxa2 {Dautov} 19. Ra1
Qb2 20. Bh4 $5 N8d7 (20... Rd8 21. Bxf6 gxf6 22. Qg4+ Ng6 23. Nxg6 hxg6 24.
Bxg6 $1 Rxd4 25. Qh5 fxg6 26. Qxg6+ Kh8 27. Qxf6+ Kg8 28. Qxe6+ Kh8 29. Rxa7 $1
$18) 21. Nxd7 Nxd7 22. Be7 $36 {/\Re2}) 19. Re3 (19. Qb3 Qxb3 (19... Qe7 20.
Rcd1 Rd8 21. Bb1 $14) 20. axb3 Rd8 21. Rcd1 Nh5 (21... Rxd4 $2 22. Bxg6 $18)
22. Nxg6 hxg6 23. Be5 $14) 19... Qf8 (19... Qxa2 $2 {Dautov} 20. Bxg6 hxg6 21.
Ra1 Qb2 22. Rb3 $18) 20. f4 $5 (20. f3 Rd8 21. Bf1 $14) (20. Nxg6 $5 {Dautov}
hxg6 21. Be5 Qe7 (21... Nd7 22. Bf4 {/\Rh3,Qg4}) 22. Rh3 Nd7 23. Bf4 Qf6 24.
Be3 e5 25. Qg4 exd4 26. Bxd4 Qc6 27. f3 $16) (20. h4 $5 {Dautov} Nxe5 21. Bxe5
Nd7 22. Bf4 Qd8 23. Bg5 $16 {->}) 20... Qd8 (20... Ne7 {Dautov} 21. Bh4 Ng6 22.
Bxf6 gxf6 23. Ng4 Nxf4 24. Nxf6+ Kh8 25. Be4 Bxe4 26. Rxe4 $16) (20... Rd8 $2 {
Dautov} 21. f5 exf5 22. Bxf5 $16) 21. Bb1 Ne7 (21... Qf8 22. f5 $16) (21... b5
$5 $132 {Dautov}) 22. Bh4 Ng6 23. Bg5 $1 $16 b5 $5 24. Bxg6 $2 (24. Bxf6 $2
Qxf6 25. Nxg6 hxg6 26. cxb5 Rxc1 27. Qxc1 Qxd4 $17) (24. c5 $1 Nxe5 (24... Qd5
25. Qd2 {/\26.Bf6 gf 27.Be4+-;/\26.f5+/-/}) (24... Qf8 25. f5 $16) (24... h6
25. Bxf6 (25. Bxg6 $5 fxg6 26. Bh4) 25... Qxf6 26. Bxg6 fxg6 27. Qg4 $16 (27.
c6 $16)) 25. fxe5 Qd5 26. Rg3 Ne8 (26... Ne4 $2 27. Bxe4 Qxe4 28. Bf6 g6 29.
Qd2 $18) 27. Qd2 $16) (24. f5 {Dautov} Nxe5 25. dxe5 Qxd1+ 26. Rxd1 Ng4 $132)
24... hxg6 $17 25. Rh3 Rc7 26. d5 (26. c5 Qd5 27. Rg3 (27. Rc2 $2 Rxc5 $1 $19)
27... Ne4 $17) (26. cxb5 Rxc1 27. Qxc1 Qxd4+ $17) 26... exd5 27. c5 (27. cxb5
Rxc1 28. Qxc1 Qb6+ $17) 27... Bc8 $1 28. Rb3 Qe8 29. Qd4 Bf5 30. Re3 Qf8 31.
Bxf6 (31. c6 Qd6 $17) 31... gxf6 32. Nf3 Be4 33. Nd2 (33. Qxf6 Rxc5) 33... f5
34. Rec3 a5 35. c6 (35. Nxe4 $5 dxe4 36. c6) 35... Qb4 36. Nb3 $2 (36. Qxb4
axb4 37. Rc5 Rxa2 38. Nxe4 dxe4 39. Rxb5 Ra6 40. Rxb4 Raxc6 41. Rxc6 Rxc6 $17)
36... Qd6 $1 37. Qf2 b4 38. Rc5 a4 39. Nd4 Bd3 40. Qd2 Bc4 41. Qxb4 (41. Rb5
Rxc6 42. Rxb4 (42. Nxc6 Bxb5 43. Nxb4 d4 $19) 42... Rb6 $19) 41... Qxf4 42. Qc3
Re8 43. Rd1 Re3 44. Qc1 Qe4 45. Qa1 Rc8 46. Ra5 (46. c7 Qe7) 46... Ra3 47. Qb1
Qe3+ 48. Kh1 Rxa2 49. Nf3 (49. Qb7 Re8 50. h3 Qf2 $19) 49... Bb3 50. Qc1 f4 51.
Re1 Rc2 52. Qa1 Qb6 0-1

[Event "Tan Chin Nam Cup 3rd "]
[Site "Beijing"]
[Date "1997.08.19"]
[Round "1"]
[White "Lin, Weiguo"]
[Black "Alterman, Boris"]
[Result "1/2-1/2"]
[WhiteElo "2470"]
[BlackElo "2615"]
[Annotator "King,D"]
[PlyCount "95"]
[EventDate "1997.08.11"]
[EventType "tourn"]
[EventRounds "11"]
[EventCountry "CHN"]
[EventCategory "12"]
[SourceTitle "CBM 061"]
[Source "ChessBase"]
[SourceDate "1997.11.23"]
[SourceVersion "1"]
[SourceVersionDate "1997.11.23"]
[SourceQuality "1"]

1. d4 Nf6 2. c4 e6 3. Nc3 Bb4 4. Nf3 c5 5. e3 O-O 6. Bd3 d5 7. O-O cxd4 8. exd4
dxc4 9. Bxc4 b6 10. Bg5 Bb7 11. Ne5 Bxc3 12. bxc3 Nbd7 {Black actively courts
the doubling of his pawns. he realises that he can profitably use the open
g-file.} (12... Qc7 13. Bxf6 gxf6 14. Qg4+ Kh8 15. Qh4 fxe5 16. Qf6+ Kg8 17.
Qg5+ {1/2-1/2 Timman,J-Karpov,A/Malta olm 1980/MCD-ol}) 13. Nxd7 Qxd7 14. Bxf6
gxf6 15. Re1 (15. Qg4+ Kh8 16. Qh4 Qd8 17. Rfd1 f5 18. Qf4 Qf6 19. Bf1 Rg8 20.
Rd3 Rac8 21. a4 Ba6 {1/2-1/2 Volke,K-Antonio,R/Biel op 1993/TD 93\07}) 15...
Kh8 16. Bf1 Rg8 17. Re3 Rad8 18. Qe2 Qc6 19. f3 Qc7 20. Qf2 Qf4 21. Rb1 Rd5 22.
g3 Ra5 23. Rb2 Ra3 24. Rd2 Bd5 25. Rc2 a6 26. Bg2 Qf5 27. Bf1 b5 28. Bd3 Qf4
29. Kg2 Qg5 30. Be4 Rd8 31. Bxd5 Rxd5 32. Re4 Ra4 33. Qe2 {It looks as though
Black should be getting somewhere, but White stays just active enough to hold
the balance. Black has to keep the queen protecting his king, so his queenside
play never comes through with sufficient force.} f5 34. Rh4 Rc4 35. a3 a5 36.
Kh3 Qg6 37. a4 Rxa4 38. Rb2 Rc4 39. Rxb5 Rxb5 40. Qxc4 Rb2 41. Qc5 h6 42. Qxa5
Kh7 43. Qc7 Rc2 44. c4 Rc3 45. Kg2 Rc2+ 46. Kh3 Rc3 47. Kg2 Rc2+ 48. Kh3
1/2-1/2

[Event "Linares Anibal op 04th"]
[Site "Linares"]
[Date "1997.??.??"]
[Round "3"]
[White "Ibragimov, Ildar"]
[Black "Gamundi Salamanca, Antonio"]
[Result "1-0"]
[WhiteElo "2555"]
[BlackElo "2440"]
[Annotator "Knaak,R"]
[PlyCount "69"]
[EventDate "1997.02.??"]
[EventType "swiss"]
[EventRounds "10"]
[EventCountry "ESP"]
[SourceTitle "CBM 058"]
[Source "ChessBase"]
[SourceDate "1997.06.01"]
[SourceVersion "1"]
[SourceVersionDate "1997.06.01"]
[SourceQuality "1"]

1. c4 {Psakhis} Nf6 2. Nc3 c5 3. Nf3 e6 4. e3 d5 5. d4 cxd4 6. exd4 Bb4 7. Bd3
dxc4 8. Bxc4 O-O 9. O-O b6 10. Bg5 Bb7 11. Rc1 {Psakhis: Old and not very
popular nowdays line. According to theory, Black could get reasonable game
without big troubles.} Be7 {Also happen in modern practice} (11... Nbd7 {
Psakhis} 12. Qe2 Bxc3 13. Rxc3 Qb8 $5 14. Bh4 Qf4 15. Bg3 Qg4 16. Bb5 Rfd8 17.
Rc7 Bd5 18. a3 Nf8 19. Ne5 $14 {1/2-1/2 Eingorn,V-Tischbierek,R/Bad
Woerishofen op 1997 (33)}) ({or} 11... Nc6 $5 {Psakhis} 12. a3 Be7 13. Qd3 Nd5
14. Bxd5 Bxg5 15. Nxg5 Qxg5 16. Be4 Rfd8 17. Bxh7+ Kf8 18. Be4 Rxd4 19. Qe3
Qxe3 20. fxe3 Rd7 $11 {1/2-1/2 Ibragimov,I-Supatashvili,K/Ekaterinburg op 1997
(22)}) 12. Qe2 Nc6 {Knaak: Typischer für diese Variante ist 12...Nbd7, aber
der Textzug ist hier womöglich noch besser.} 13. Rfd1 (13. Rcd1 Nb4 14. Ne5
Nbd5 15. Rd3 Nxc3 16. bxc3 Ne4 17. Bxe7 Qxe7 18. Re3 Nd6 19. Bd3 g6 20. f4 Qd8
21. Rg3 (21. Rh3) 21... Nf5 22. Rh3 Ng7 $13 {Speelman,J-Karpov,A/Paris Immopar
rapid 1991/EXP 26/1/2-1/2 (52)}) 13... Nb4 14. Ne5 Nbd5 (14... Nfd5 15. Bxe7
Qxe7 16. a3 (16. Qg4) 16... Nf4 17. Qg4 Nbd5 18. Nxd5 Nxd5 19. Bxd5 Bxd5 20.
Rc3 Rfc8 $15 {1/2-1/2 Bjerke,R-Gausel,E/Gausdal Masters 1995/EXP 45 (45)} (
20... Rfc8 {Psakhis} 21. Rdc1 Qb7 $11 {1/2-1/2 Bjerke,R-Gausel,E/Gausdal 1995 
(45)})) 15. Ba6 Bxa6 16. Qxa6 Qc8 17. Qa4 Qb7 18. Nc6 Bd6 19. Bxf6 Nxf6 20. d5
Qd7 $2 {It is fanny, but just this move is the new one, but not the best one.}
(20... Rfc8 21. Ne4 $1 (21. Nb5 Bf8 $15) (21. Rc2 Qd7 $1) (21. dxe6 $2 Rxc6 22.
exf7+ Kf8) 21... Nxe4 22. Qxe4 exd5 23. Qxd5 Bc5 {1/2-1/2 Fossan,E-Ostenstad,B/
NOR-ch 1996/EXT 96ch2} (23... Bc5 {Psakhis} 24. Nb4 {in the game Fossan,
E-Ostenstad,B/NOR-ch Alta 1996})) 21. dxe6 Qxe6 22. Nb5 $14 Bb8 {Passive move,
but if Black will try to catch fish in dirty water} (22... Bc5 23. Nc7 Qe2 24.
Nxa8 Ng4 (24... Ne4 $5 {Psakhis this effort will meet refutation after} 25. Rf1
Bxf2+ (25... Rxa8 26. Qc2 $1) 26. Kh1 Rxa8 (26... b5 27. Qd1) 27. Ne7+ Kf8 (
27... Kh8 28. Nc8 $1) 28. Nc8 $1 Bc5 29. Qd7 $1 $18) 25. Qc2 $18) 23. Re1 Qd7 (
23... Qg4 {Psakhis} 24. Qxg4 Nxg4 25. Nxb8 Raxb8 26. h3 Nf6 27. Nxa7) 24. Ne7+
(24. Re7 {Psakhis} Qd2 25. Qc2 Qxc2 26. Rxc2 a6 27. Nc7 Bxc7 28. Rxc7 $36)
24... Kh8 25. Rcd1 Qb7 26. Qh4 a6 27. Nd4 b5 (27... Re8 {Psakhis} 28. Ndf5 $1
Qc7 29. g3 $18) 28. Ndf5 Qb6 29. Rd3 Ba7 30. Rd6 (30. Rf3 $5) 30... Qa5 (30...
Qc5 {Psakhis} 31. Rc6 $1) 31. Red1 (31. b4 Qxa2 32. Rxf6 Qxf2+ 33. Qxf2 Bxf2+
34. Kxf2 gxf6 $13) (31. Rf1 $1 $16) 31... Rfd8 $2 (31... Qa4 $1 32. b4 Qc2 $1
33. Rf1 (33. Qg3 Ne8 34. R6d2 Qe4) 33... Ne4 $13) 32. Qg5 (32. Nh6 Rf8 33. Rxf6
$18) 32... Ne8 (32... Bxf2+ 33. Kf1 Ne8 34. Rxd8 Rxd8 35. Ng6+ $18 (35. Ng6+ {
Psakhis} hxg6 36. Qxd8 $18)) 33. Rxd8 Rxd8 34. Ng6+ hxg6 35. Qxd8 1-0

[Event "RUS-Cup4"]
[Site "Perm"]
[Date "1997.02.11"]
[Round "4"]
[White "Shcherbakov, Ruslan"]
[Black "Prokopchuk, Evgeny"]
[Result "1-0"]
[WhiteElo "2580"]
[BlackElo "2440"]
[Annotator "Knaak,R"]
[PlyCount "129"]
[EventDate "1997.02.02"]
[EventType "swiss"]
[EventRounds "9"]
[EventCountry "RUS"]
[SourceTitle "CBM 058"]
[Source "ChessBase"]
[SourceDate "1997.06.01"]
[SourceVersion "1"]
[SourceVersionDate "1997.06.01"]
[SourceQuality "1"]

1. d4 Nf6 2. c4 e6 3. Nc3 Bb4 4. e3 O-O 5. Bd3 d5 6. Nf3 c5 7. O-O dxc4 8. Bxc4
b6 $6 {Mit diesem Zug nimmt Schwarz ein Endspiel in Kauf, welches wegen des
Läuferpaars nur Weiß favorisiert. Stattdessen hat der Nachziehende eine
ordentliche Auswahl an bewährten Zügen: 8...cxd4, 8...Nc6, 8...Nbd7. Auch 8...
Bd7 und 8...Qe7 sind nicht schlecht.} 9. a3 cxd4 10. axb4 dxc3 11. Qxd8 Rxd8
12. bxc3 {Diese direkt ins Endspiel führende Variante hat aus schwarzer Sicht
einen überraschend guten Ruf.} Ne4 (12... Bb7 13. Bb2 a6 14. Be2 b5 15. c4 Nc6
$1 16. cxb5 axb5 17. Rxa8 Rxa8 18. Bxf6 gxf6 19. Rb1 Ra4 20. Bxb5 {1/2-1/2
Yusupov,A-Karpov,An Tilburg}) (12... a5 13. Bb2 Bb7 14. Be2 Nbd7 15. Rfd1 Rdc8
(15... axb4 $6 16. cxb4 Rxa1 17. Rxa1 Ra8 18. Rxa8+ Bxa8 19. Nd2 $16 {
Stein-Kholmov/USSR/ch/1963/ECO}) 16. Kf1 $1 (16. Nd4 Bd5 $1 $10 {/\Bc4}) 16...
Bd5 17. Nd2 Ne5 (17... axb4 18. cxb4 Rxa1 19. Bxa1 $14) 18. f3 Ne8 {/\Nd6 ><c4}
(18... Nc4 $2 19. Nxc4 Bxc4 20. Bxc4 Rxc4 21. bxa5 bxa5 22. Rxa5 $16) 19. e4
Bc4 20. Nxc4 Nxc4 21. Bxc4 (21. Bc1 Ned6 $10) 21... Rxc4 22. Rd7 $14 {Yusupov,
A-Rozentalis,E Deutschland 1995 1:0 50}) (12... Nc6 13. Bb2 Bb7 14. Rfd1 Rxd1+
15. Rxd1 Kf8 16. Bf1 Ke8 17. Ra1 a6 18. Nd2 Kd7 19. f3 Kc7 20. e4 Nd7 21. Kf2
$14 {1-0 Geller,E-Matanovic,A/URS-JUG Sukhumi 1966/MCD-ma (41)}) 13. Bb2 Nc6
14. Rfd1 Bb7 15. Be2 $1 (15. Bd3 {ist weniger logisch.}) (15. Rxd8+ Rxd8 16.
Nd4 a5 17. f3 Nd6 18. Nxc6 Bxc6 19. Bf1 axb4 20. cxb4 b5 21. Rc1 Rc8 22. e4 Nc4
23. Bxc4 Be8 $4 (23... bxc4) 24. Bf1 {1-0 Gligoric,S-Filip,M/Varna olm 1962/
MCD-ol}) (15. Kf1 Nd6 16. Be2 b5 $1 $10 17. Nd4 Nxd4 18. Rxd4 Kf8 19. f3 (19.
Rad1 Ke7 $10) 19... a6 20. Rad1 Ke7 21. e4 e5 22. R4d2 Rac8 {1/2-1/2 Sherbakov,
R-Landa,K/RUS-ch 1996/CBM 56}) 15... a6 16. Rxd8+ Rxd8 17. Nd4 $1 Nxd4 18. cxd4
b5 19. Rc1 Rc8 20. Rxc8+ Bxc8 {Jetzt wird noch deutlicher, daß hier ein Spiel
auf ein Tor stattfindet. Das Läuferpaar ist eindeutug ein Vorteil; Schwarz
kann seine Majorität am Damenflügel nicht einsetzen; die weiße Majorität auf
der anderen Seite ist möglicherweise langfristig verwertbar.} 21. f3 Nd6 22. g4
Bb7 23. Kf2 f6 24. Bd3 g5 25. Bc3 h6 26. e4 Nc4 27. Kg3 Kf7 28. h4 e5 $5 ({
Wenn Schwarz nichts tut, könnte es evtl. so weitergehen:} 28... Z0 29. h5 Z0
30. Kf2 Z0 31. Ke2 Z0 32. Be1 Z0 33. Bg3 Z0 34. f4 Z0 35. f5 Z0 36. fxe6+ Kxe6
37. Bc2 Z0 38. d5+ Ke7 39. Kd3 Ne5+ 40. Kd4 Nxg4 41. Kc5 $18) 29. Bxc4+ bxc4
30. dxe5 fxe5 31. Bxe5 {Ein Bauer mehr reicht bei ungleichen Läufern oft nicht
zum Sieg; hier hat Weiß aber auf dem Königsflügel 2 mehr - der schwarze
c-Bauer ist nicht so viel wert.} Bc6 32. h5 Ba4 33. Bc3 Bc2 {Weiß könnte jetzt
jederzeit e5 und f4 spielen. Er will aber den e-Bauern auf e4 lassen, um mit
dem König nach e5 und f5 gehen zu können.} 34. Kf2 Bd1 35. Ke3 Kg8 36. Bd4 Kf7
37. Kf2 Bc2 (37... Kg8 38. Kg3 Bc2 {Ich sehe nicht, wie Weiß das erwähnte Ziel
erreichen kann; darum:} 39. e5 Kf7 40. f4 gxf4+ 41. Kxf4 Ke6 42. Bc3 Bb1 (42...
Bd1 43. Bd2 Kf7 44. Kg3 Kg7 45. e6 Kf6 46. Bxh6 c3 47. Be3 Kxe6 48. Kh4) 43.
Bd2 Bc2 (43... Kf7 44. e6+ Kxe6 45. Kg3 Kf7 46. Bxh6 c3 47. Be3 $18) 44. Kg3
Kxe5 45. Bxh6 {+/-/+-}) 38. Ke2 Ba4 39. Kd2 Bb5 40. Be3 Ba4 41. Bd4 Bb3 42. Bc3
Ba4 43. f4 $1 {Weiß hat es geschafft, f3-f4 durchzudrücken ohne vorher e4-e5
zu spielen.} gxf4 44. Ke2 Bc2 45. Kf3 Bd1+ 46. Kxf4 Be2 47. Kf5 Bd3 48. Ke5 Be2
49. Kf4 Bd1 50. Kf5 Bc2 51. Bd2 Kg7 52. g5 $1 hxg5 53. Bxg5 c3 54. Be3 (54.
Bf6+ $2 Kh6 55. Bxc3 Kxh5 $14) 54... Bd1 55. h6+ Kf7 56. Ke5 Bh5 (56... Bf3 57.
Kd4 c2 58. e5 Bg4 59. Kd5 Bf5 60. Kd6 Bg6 {game}) 57. Kd6 Bg6 58. e5 c2 59. e6+
Ke8 60. Bg5 Bd3 61. Ke5 Kf8 62. Kf6 {Weiß wird Kg7 und h7 schaffen; dann muß
Schwarz seinen Läufer hergeben. Es folgt c1Q und Schwarz erobert den e-Bauern.
Kommt er dann noch zu a6-a5 bevor der Läufer dieses Feld kontrolliert, landet
Weiß im Endspiel mit Randbauern und falschem Läufer.} Ke8 (62... Kg8 63. Ke7
$18) (62... Be4 $5 63. Bc1 $1 (63. e7+ $2 Ke8 64. Kg7 (64. Bc1 Bd3 65. Ba3 Be4
66. Kg7 Kxe7 67. b5+ Kd7 $11) 64... c1=R 65. Bxc1 Kxe7 66. Be3 (66. Bf4 Kd7 $1
$11) 66... a5 $1 67. bxa5 Kd7 68. a6 Kc7 69. Ba7 Kc6 70. Be3 Kc7 71. h7 Bxh7
72. Kxh7 Kb8 $11) 63... Bd3 64. Ba3 Ke8 (64... Kg8 65. Ke7 Kh7 66. Bc1 $18) (
64... Be4 65. b5+ Ke8 66. bxa6 $18) 65. Kg7 $1 Ke7 (65... Be4 66. h7 Bxh7 67.
Kxh7 c1=Q 68. Bxc1 Ke7 69. Bg5+ $1 Kxe6 70. Bd8 $18) (65... c1=Q 66. Bxc1 {game
}) 66. b5+ Kxe6 67. bxa6 $18) 63. Kg7 c1=Q 64. Bxc1 Ke7 65. Bg5+ $1 (65. Bg5+
Kxe6 66. Bd8 $18) 1-0

[Event "Karditsa"]
[Site "Karditsa"]
[Date "1994.??.??"]
[Round "6"]
[White "Atalik, Suat"]
[Black "Skembris, Spyridon"]
[Result "1-0"]
[WhiteElo "2530"]
[BlackElo "2525"]
[Annotator "Kortschnoj,V"]
[PlyCount "91"]
[EventDate "1994.03.??"]
[EventType "tourn"]
[EventRounds "11"]
[EventCountry "GRE"]
[EventCategory "10"]
[SourceTitle "CBM 043"]
[Source "ChessBase"]
[SourceDate "1994.12.01"]
[SourceVersion "1"]
[SourceVersionDate "1994.12.01"]
[SourceQuality "1"]

1. d4 d5 2. c4 dxc4 3. e3 e6 4. Bxc4 c5 5. Nf3 cxd4 6. exd4 Nf6 7. O-O Be7 8.
Nc3 O-O 9. Bg5 Nbd7 10. Ne5 $5 (10. Re1 $14) 10... Ne8 $6 (10... Nxe5 11. dxe5
Nd5 12. Bxe7 Nxe7 13. Qe2 $14) 11. Bxe7 Qxe7 12. Re1 Nd6 13. Bb3 Nxe5 14. dxe5
Nf5 15. Qg4 $1 Bd7 16. Bc2 Rad8 17. Rad1 Qc5 $2 (17... Bc8 18. Ne4 $14) 18.
Bxf5 $1 exf5 19. Qh4 $16 Qc8 20. Nd5 Kh8 21. Ne7 Qc7 22. Rd4 $1 h6 (22... Be6
23. Qxh7+ $18) 23. Red1 Qxe5 (23... Kh7 24. Nxf5 Qxe5 25. Ne3 $16) 24. h3 Rfe8
25. Rxd7 Rxd7 26. Rxd7 $18 Qe1+ 27. Kh2 Qe5+ 28. g3 Qe2 29. Kg2 f4 30. gxf4 Qe6
31. Rc7 Qe4+ (31... Qd6 32. Rxb7 $18) 32. Kh2 Kh7 33. Nc8 $1 Qd5 34. Qg4 Re1
35. Qg2 Qf5 36. Rc4 Qe6 (36... b5 37. Nd6 Qe6 38. Re4 $18) 37. b3 Qf5 38. Nd6
Qb1 39. Re4 Rd1 40. Ne8 Qa1 41. Re5 g6 42. Qxb7 Kg8 43. Nd6 Rxd6 44. Qb8+ Kg7
45. Qxd6 Qxa2 46. Qd4 1-0

[Event "Olympiad-40"]
[Site "Istanbul"]
[Date "2012.09.05"]
[Round "8.1"]
[White "Naiditsch, Arkadij"]
[Black "Leko, Peter"]
[Result "1-0"]
[WhiteElo "2712"]
[BlackElo "2737"]
[Annotator "Krasenkow,M"]
[PlyCount "67"]
[EventDate "2012.08.28"]
[EventType "team-swiss"]
[EventRounds "11"]
[EventCountry "TUR"]
[SourceTitle "CBM 151"]
[Source "ChessBase"]
[SourceDate "2012.11.13"]
[SourceVersion "1"]
[SourceVersionDate "2012.11.13"]
[SourceQuality "1"]
[WhiteTeam "Germany"]
[BlackTeam "Hungary"]
[WhiteTeamCountry "GER"]
[BlackTeamCountry "HUN"]

1. d4 Nf6 2. c4 e6 3. Nc3 Bb4 4. e3 O-O 5. Bd3 d5 6. Nf3 c5 7. O-O cxd4 8. exd4
dxc4 9. Bxc4 b6 10. Bg5 Bb7 11. Rc1 Nc6 12. Re1 (12. a3 {is more common here.})
12... Rc8 (12... Be7 13. h4 $6 (13. a3 $1 {leads to the 12.a3 line}) 13... h6
14. Bf4 Rc8 15. Bd3 Nb4 16. Bb1 Nbd5 17. Be5 Qd7 18. Qd3 {1-0 Korobov,A (2571)
-Ramaswamy,A (2263)/Dubai 2004/CBM 101 (38)} Nb4 $132) 13. Bd3 Be7 14. Bb1 (14.
a3 h6 (14... Re8 15. Bc2 Nd5 16. Ra1 Bf8 17. Bc1 {1/2 Ribli,Z (2584)-Hansen,S 
(2561)/Germany 2006/EXT 2007}) 15. Bh4 Nh5 $11 16. Re4 $6 Bxh4 (16... Na5 $5)
17. Rxh4 Nf6 18. Bb1 Ne7 19. Ne5 Nf5 $15 {0-1 Kose,S (2117)-Nielsen,P (2665)/
Konya TUR 2012/The Week in Chess 924 (36)}) 14... Re8 (14... Nb4 15. Ne5 Nbd5
16. Qd3 g6 17. Bh6 Re8 18. Qh3 Nxc3 19. bxc3 Qd6 $13 {1-0 Akesson,R (2465)
-Lyrberg,P (2420)/Stockholm 1993/EXT 2000 (42)}) (14... Nd5 $5 15. Qd3 g6 (
15... f5 $5 16. Bd2 Nc7 17. a3 Ba6 18. Qe3 Bf6 19. Rcd1 Nxd4 20. Bc1 Nxf3+ 21.
Qxf3 $44 {0-1 Swic,W (2365)-Flis,J/Tarnow 1979/EXT 2003 (40)}) 16. Bh6 Re8 17.
Qd2 (17. Ne4 Nf6 $1) 17... Na5 (17... Nxc3 $1 18. bxc3 Ba3 19. Rcd1 Ne7 $15)
18. Nxd5 Bxd5 19. Rxc8 Qxc8 20. Qf4 Bxf3 21. Qxf3 Nc6 22. Rd1 Qd7 23. Be3 Rd8
24. Bc2 Nb4 25. Bb3 Nd5 {1/2 Gligoric,S (2575)-Sosonko,G (2470)/Wijk aan Zee
1975/MCL}) {The text move is too passive and gives White some chances.} 15. h4
g6 (15... h6 $5 16. Bf4 Nb4) 16. a3 {White finally makes this useful move 
(both prophylactical and preparing Bb1-a2 in future). Complicated manoeuvring
starts. The position is roughly equal but anything is still possible, of
course.} Rc7 17. Rc2 Nd5 18. Ne4 Nb8 (18... f6 $5 19. Bc1 Qd7 {[%cal Yc6d8,
Yd8f7]}) 19. Rd2 (19. Ba2 $5 {Later on White realizes that he doesn't need
this pair of rooks.}) 19... Kg7 20. h5 Bxg5 21. Nexg5 Nd7 {Black had a good
opportunity to simplify the game:} (21... Nf4 22. hxg6 hxg6 {[%cal Yb7f3]} 23.
Be4 f6 24. Bxb7 Rxb7 $11) 22. Rc2 Rxc2 23. Bxc2 Qe7 24. Qd2 Nf8 25. Bb3 Rc8 26.
Ne4 Nd7 27. Nfg5 gxh5 $2 {A sudden self-destroying move.} ({There was nothing
wrong with} 27... N7f6 {e.g.} 28. h6+ Kg8 29. Nxf6+ Qxf6 30. Bxd5 Bxd5 31. Rc1
Rxc1+ 32. Qxc1 Qd8 {[%cal Yf7f6]} 33. Qe3 Qe7 34. Qf4 f6 35. Ne4 (35. Qb8+ Qf8
36. Qxf8+ Kxf8 37. Nxh7+ Kf7 38. f4 Be4 {[%cal Rg6g5]}) 35... Bxe4 36. Qxe4 Kf7
$11) 28. Ng3 Kh8 $2 (28... Kg8 $1 {was the only defense now but after} 29. Nxh5
{Black's position is quite unpleasant} (29. Nf5 $143 Qf8 30. Bxd5 Bxd5 31. Qf4
$5 exf5 32. Qxf5 Nf6 33. Qxf6 Qg7 34. Qf5 Rd8 $14)) 29. Nf5 Qf6 30. Nd6 $18 Rg8
31. Ndxf7+ Kg7 32. Rxe6 Qf4 33. Qxf4 Nxf4 34. Re7 1-0